<?xml version="1.0" encoding="UTF-8"?>
<record
    xmlns:xsi="http://www.w3.org/2001/XMLSchema-instance"
    xsi:schemaLocation="http://www.loc.gov/MARC21/slim http://www.loc.gov/standards/marcxml/schema/MARC21slim.xsd"
    xmlns="http://www.loc.gov/MARC21/slim">

  <leader>00433    a2200121   4500</leader>
  <controlfield tag="001">ART_3405</controlfield>
  <controlfield tag="005">20260410161714.0</controlfield>
  <controlfield tag="008">260409a                                 </controlfield>
  <datafield tag="245" ind1="1" ind2="0">
    <subfield code="a">El nivel y la composici&#xF3;n del gasto real del sector gubernamental de la Rep&#xFA;blica Argentina: 1930-1977</subfield>
  </datafield>
  <datafield tag="100" ind1="1" ind2=" ">
    <subfield code="a">Schulthess, W&#xE1;lter E.</subfield>
  </datafield>
  <datafield tag="700" ind1="1" ind2=" ">
    <subfield code="a">Mann, Arthur J.</subfield>
  </datafield>
  <datafield tag="773" ind1="0" ind2=" ">
    <subfield code="t">Desarrollo econ&#xF3;mico</subfield>
    <subfield code="g">- Vol. 21, N&#xBA; 82 (jul./sep. 1981)</subfield>
    <subfield code="w">REV1174</subfield>
  </datafield>
  <datafield tag="999" ind1=" " ind2=" ">
    <subfield code="c">16359</subfield>
    <subfield code="d">16359</subfield>
  </datafield>
</record>
